Arcaísmo y modernidad en José Lins do Rego Doidinho y la formación del narrador
Shranjeno v:
| Glavni avtor: | |
|---|---|
| Format: | Neznan |
| Jezik: | Spanish |
| Izdano: |
Caracas, Venezuela
Fondo Editorial Tropikos
1990
|
| Teme: | |
| Oznake: |
Označite
Brez oznak, prvi označite!
|
MARC
| LEADER | 000000000a22000000004500 | ||
|---|---|---|---|
| 001 | 001852 | ||
| 003 | CIICLA | ||
| 005 | 20140128101303.0 | ||
| 007 | ta | ||
| 008 | 140128s1990 ve |||g |||| 000 0dspa d | ||
| 020 | |a 9806004507 | ||
| 040 | |c cru CIICLA Universidad de Costa Rica | ||
| 041 | 0 | |a español | |
| 092 | 0 | |a Br869.34 R969a | |
| 100 | 1 | |a Russotto, Margarita |d 1946- | |
| 245 | 1 | 0 | |a Arcaísmo y modernidad en José Lins do Rego |b Doidinho y la formación del narrador |c Margarita Russotto |
| 260 | |a Caracas, Venezuela |b Fondo Editorial Tropikos |c 1990 | ||
| 300 | |a 161 páginas | ||
| 500 | |a La biblioteca posee otro ejemplar con el número de inscripción 9335 y 00894 La autora nació en Italia, pero se nacionalizó venezolana, http://www.poemaspoetas.com/margara-russotto (Consultado el 21 de marzo del 2012) | ||
| 600 | |a REGO, JOSE LINS DO, 1901-1957 |x TECNICAS | ||
| 650 | 4 | |a NARRACION CRITICA | |
| 650 | 4 | |a DOIDINHO | |
| 942 | |2 ddc |c BK | ||
| 999 | |c 2745 |d 2745 | ||



